00613cam a22002291 4500001001300000003000400013005001700017008004100034010001700075035002000092040001800112042001200130050001800142100002200160245003300182260001100215300001900226500001600245500005600261630004900317999001700366sa 63002990 DLC20260227111938.0890505s1962 ii 000 0 beno  asa 63002990  a(OCoLC)19660502 aDLCcWaUdDLC apremarc00aPK1718.M5bH31 aMitra, Premendra.10aHāta bār̥ālei bandhu. c[1962] a161 p.c23 cm. aIn Bengali. aScreenplay of a motion picture with the same title.00aHāta bār̥ālei bandhu (Motion picture) c54832d54832